[Event "24th ch-EUR Indiv 2024"]
[Site "Petrovac MNE"]
[Date "2024.11.11"]
[Round "4.111"]
[White "Djurovic, Peko"]
[Black "Ermitsch, Magnus"]
[Result "0-1"]
[WhiteTitle "FM"]
[BlackTitle "FM"]
[WhiteElo "2198"]
[BlackElo "2399"]
[WhiteFideId "16503902"]
[BlackFideId "16234464"]
[EventDate "2024.11.08"]

1. e4 c5 2. Nf3 e6 3. d4 cxd4 4. Nxd4 Nc6 5. Nc3 Qc7 6. Be3 a6 7. Qf3 Nf6 8.
O-O-O Rb8 9. g4 b5 10. g5 b4 11. Na4 Ne5 12. Qe2 Nxe4 13. f4 Nc6 14. Bg2 d5 15.
Bxe4 dxe4 16. Qc4 Bd7 17. Nb3 Be7 18. Nac5 Bc8 19. Nxa6 Bxa6 20. Qxa6 O-O 21.
Qc4 Rfc8 22. Kb1 Ra8 23. h4 Bd6 24. Qxe4 Na5 25. g6 hxg6 26. h5 Nxb3 27. axb3
Qa5 28. Kc1 Qa1+ 29. Kd2 Qxb2 30. hxg6 Qc3+ 31. Ke2 Qxc2+ 32. Qxc2 Rxc2+ 33. Kf3
Ra6 34. gxf7+ Kxf7 35. Bd4 Ra3 36. Rd3 Bc5 37. Rb1 Bxd4 38. Rxd4 Rc3+ 39. Ke4
Rcxb3 40. Rxb4 Re3+ 41. Kd4 Rad3+ 42. Kc5 Rd5+ 43. Kc6 Rc3+ 44. Kb7 Rcd3 45.
R4b2 Rd1 0-1

[Event "24th ch-EUR Indiv 2024"]
[Site "Petrovac MNE"]
[Date "2024.11.11"]
[Round "4.112"]
[White "Barria Santos, Jose Guilherme"]
[Black "Kochavi, Dana"]
[Result "0-1"]
[WhiteTitle "FM"]
[BlackTitle "WFM"]
[WhiteElo "2398"]
[BlackElo "2166"]
[WhiteFideId "1939300"]
[BlackFideId "2837137"]
[EventDate "2024.11.08"]

1. d4 Nf6 2. c4 g6 3. Nc3 Bg7 4. e4 d6 5. Be2 O-O 6. Be3 e5 7. d5 Na6 8. h4 Nc5
9. Qc2 c6 10. f3 Nh5 11. b4 Na6 12. a3 Ng3 13. Rh2 f5 14. O-O-O c5 15. b5 Nb8
16. Bd3 fxe4 17. fxe4 Bg4 18. Re1 Nd7 19. Kb2 a6 20. Nh3 Nf6 21. Ng5 Qa5 22. Bd2
Qd8 23. Ne6 Bxe6 24. dxe6 axb5 25. cxb5 d5 26. exd5 Nxd5 27. Nxd5 Qxd5 28. Bc4
Qd4+ 29. Kb3 Kh8 30. Bc3 Rxa3+ 31. Kxa3 Qxc4 32. Qb3 Qf4 33. Kb2 Ne4 34. Qc4
Nxc3 35. Qxf4 exf4 36. e7 Re8 37. Kb3 Nxb5 38. Kc4 Nd6+ 39. Kxc5 Nf5 40. h5 Kg8
41. hxg6 hxg6 42. Kb6 Rxe7 43. Rxe7 Nxe7 44. Kxb7 Nf5 45. Kc6 Ng3 46. Kd5 Kf7
47. Rh3 Nf5 48. Ke4 Bh6 49. Ra3 Kf6 50. Kf3 Kg5 51. Ra5 Bg7 52. Rb5 Bd4 53. Rd5
Be3 54. Ke2 Kg4 55. Ra5 g5 56. Kf1 Bb6 57. Rb5 Be3 58. Ra5 Ng3+ 59. Ke1 Kh4 60.
Ra8 Ne4 61. Ra4 Nd2 62. Ra5 Kg4 63. Ke2 Ne4 64. Re5 Ng3+ 65. Ke1 Kh4 66. Re8 Nh5
67. Rh8 Bd4 68. Rh7 Bg7 69. Kf2 g4 0-1

[Event "24th ch-EUR Indiv 2024"]
[Site "Petrovac MNE"]
[Date "2024.11.11"]
[Round "4.113"]
[White "Rudzinska, Michalina"]
[Black "Niedbala, Bartlomiej"]
[Result "0-1"]
[WhiteTitle "WGM"]
[BlackTitle "IM"]
[WhiteElo "2192"]
[BlackElo "2389"]
[WhiteFideId "1172883"]
[BlackFideId "21834008"]
[EventDate "2024.11.08"]

1. e4 c5 2. Nf3 Nc6 3. d4 cxd4 4. Nxd4 Nf6 5. Nc3 d6 6. f3 e5 7. Nb3 Be7 8. Be3
O-O 9. Qd2 Be6 10. O-O-O a5 11. Bb5 a4 12. Bxa4 Na5 13. Nxa5 Qxa5 14. Bb3 Bxb3
15. cxb3 d5 16. exd5 Bb4 17. Qc2 Bxc3 18. bxc3 Nxd5 19. Bd2 Rfc8 20. c4 Qa7 21.
Kb1 b5 22. c5 Rxc5 23. Qb2 Qa6 24. Rc1 Qg6+ 25. Ka1 Rxc1+ 26. Rxc1 Qxg2 27. Qa3
Rf8 28. Rc2 Qxf3 29. Qc5 Qd3 30. Bc1 Qe4 31. Rd2 Nb4 32. Qxb5 h6 33. Qe2 Qc6 34.
Bb2 f6 35. a3 Ra8 36. Kb1 Nd5 37. Rc2 Qe6 38. Qc4 Kf7 39. b4 Rb8 40. Rd2 Ne7 41.
Qe2 g5 42. Qd1 Kg6 43. Rd6 Qf5+ 44. Ka2 Rb7 45. Qa4 Kf7 46. b5 Qc8 47. b6 Qc5
48. Qb3+ Kg7 49. Qe6 Qf2 50. Rd7 Rxb6 51. Rxe7+ Kg6 52. Qf7+ Kf5 53. Rxe5+ Kg4
54. Qd7+ Kh5 55. Qe8+ Kg4 56. Re2 Qf3 57. Qd7+ f5 58. Qd4+ Kh5 59. Re3 Qb7 60.
Rh3+ Kg6 61. Rd3 Qf7+ 62. Ka1 Re6 63. Rd1 Qe7 64. Qc3 Qf7 65. h4 g4 66. h5+ Kxh5
67. Rh1+ Kg6 68. Qh8 Qh7 69. Qf8 h5 70. Rf1 Qf7 71. Qh8 Qh7 72. Qd4 Qe7 73. Ka2
Re4 74. Qc3 h4 75. Rd1 g3 76. Ka1 Re3 77. Qc6+ Qe6 78. Qc7 Re1 79. Qg7+ Kh5 80.
Rxe1 Qxe1+ 81. Ka2 Qe6+ 82. Ka1 Qg6 83. Qh8+ Kg4 84. Bf6 h3 85. Qh4+ Kf3 86. Bg5
h2 87. Qf4+ Kg2 88. Qd2+ Kh3 89. Qc1 Qg7+ 90. Ka2 Qb7 0-1

[Event "24th ch-EUR Indiv 2024"]
[Site "Petrovac MNE"]
[Date "2024.11.11"]
[Round "4.114"]
[White "Yonal, Timur"]
[Black "Decuigniere, Tom"]
[Result "1-0"]
[WhiteTitle "CM"]
[BlackTitle "IM"]
[WhiteElo "2184"]
[BlackElo "2385"]
[WhiteFideId "44115725"]
[BlackFideId "26093820"]
[EventDate "2024.11.08"]

1. e4 c5 2. Nf3 d6 3. d4 cxd4 4. Nxd4 Nf6 5. Nc3 a6 6. a3 e5 7. Nf5 d5 8. Bg5 d4
9. Bxf6 gxf6 10. Nb1 Bxf5 11. exf5 Qd5 12. Qh5 Nd7 13. Nd2 O-O-O 14. f3 b5 15.
Bd3 Nc5 16. O-O Nxd3 17. cxd3 Kb7 18. Rfc1 Be7 19. h4 Rc8 20. Rxc8 Rxc8 21. Qxh7
Rc2 22. Nf1 Qb3 23. Qg7 Qxb2 24. Re1 Qc3 25. Rd1 Qb3 26. h5 Rc8 27. Rd2 Bxa3 28.
h6 Bc1 29. h7 Bxd2 30. Nxd2 Qxd3 31. Qxf7+ Kb6 32. Qe6+ Rc6 33. h8=Q Rxe6 34.
fxe6 Qxd2 35. e7 Qc1+ 36. Kh2 Qf4+ 37. g3 Qxf3 38. Qd8+ Kc5 39. Qc8+ Kb4 40.
e8=Q Qe2+ 41. Kh3 Qf1+ 42. Kg4 Qe2+ 43. Kf5 Qf3+ 44. Ke6 d3 45. Qc1 Qg4+ 46.
Kxf6 Qf3+ 47. Kg7 Qxg3+ 48. Qg6 1-0

[Event "24th ch-EUR Indiv 2024"]
[Site "Petrovac MNE"]
[Date "2024.11.11"]
[Round "4.115"]
[White "Baltag, Iulian"]
[Black "Yalcinkaya, Efe"]
[Result "1/2-1/2"]
[WhiteTitle "IM"]
[WhiteElo "2383"]
[BlackElo "2117"]
[WhiteFideId "13901419"]
[BlackFideId "44506619"]
[EventDate "2024.11.08"]

1. d4 Nf6 2. c4 g6 3. Nc3 d5 4. Nf3 Bg7 5. Qb3 dxc4 6. Qxc4 Be6 7. Qb5+ Bd7 8.
Qxb7 Nc6 9. Qb3 Rb8 10. Qd1 Bf5 11. a3 O-O 12. e3 e5 13. d5 e4 14. dxc6 exf3 15.
Qxd8 Rfxd8 16. gxf3 Rb6 17. e4 Be6 18. Be2 Rxc6 19. Bd2 Nd7 20. O-O Ne5 21. Bf4
h5 22. Rfd1 Rb8 23. Rab1 Kh7 24. Nd5 Rc2 25. Rd2 Rxd2 26. Bxd2 c6 27. Nc3 Nc4
28. Be1 1/2-1/2

[Event "24th ch-EUR Indiv 2024"]
[Site "Petrovac MNE"]
[Date "2024.11.11"]
[Round "4.116"]
[White "Blanquet, Camille"]
[Black "Sliwicka, Alicja"]
[Result "1/2-1/2"]
[WhiteTitle "WFM"]
[BlackTitle "WGM"]
[WhiteElo "2079"]
[BlackElo "2380"]
[WhiteFideId "36037354"]
[BlackFideId "1150677"]
[EventDate "2024.11.08"]

1. d4 Nf6 2. c4 g6 3. Nc3 Bg7 4. e4 O-O 5. h3 d6 6. Be3 Nbd7 7. g4 a6 8. Bg2 e5
9. Nf3 b5 10. dxe5 dxe5 11. Nd2 Rb8 12. O-O c6 13. Rc1 Qe7 14. Qe2 Rd8 15. Rfd1
Nf8 16. cxb5 axb5 17. Nb3 Be6 18. Na5 Rdc8 19. Qd2 Ra8 20. Nb1 c5 21. Na3 b4 22.
N3c4 Bxc4 23. Nxc4 Rd8 24. Qc2 Rxd1+ 25. Rxd1 Rxa2 26. Nd6 Ne6 27. Bf1 h5 28. g5
Ne8 29. Nxe8 Qxe8 30. Bxc5 Nxg5 31. Bxb4 Nf3+ 32. Kg2 Nd4 33. Qb1 Ra8 34. Bc3
Ne6 35. b4 Rc8 36. Bd2 Bf8 37. Be3 Qe7 38. b5 Qb7 39. Rd5 Bg7 40. Qd3 Nd4 41.
Qa3 Ra8 42. Qd6 Rb8 43. Bd3 Ne6 44. Qd7 Bf6 45. b6 Nf4+ 46. Bxf4 exf4 47. Qxb7
Rxb7 48. Rd6 Be5 49. Ba6 Bxd6 50. Bxb7 Bc5 51. Kf3 g5 52. Bc8 Bxb6 53. Kg2 Kg7
54. f3 Kf6 55. Bd7 Ke7 56. Bc8 Kd6 57. Bf5 Ke5 58. Bd7 Bc5 59. Bc8 Kd4 60. Bd7
Ke3 61. Bc8 f6 62. Bd7 g4 63. hxg4 h4 64. g5 fxg5 65. Bc8 Kd4 1/2-1/2

[Event "24th ch-EUR Indiv 2024"]
[Site "Petrovac MNE"]
[Date "2024.11.11"]
[Round "4.117"]
[White "Vestby-Ellingsen, Mads"]
[Black "Rama, Lorenc"]
[Result "1-0"]
[WhiteTitle "IM"]
[BlackTitle "FM"]
[WhiteElo "2368"]
[BlackElo "2086"]
[WhiteFideId "1520857"]
[BlackFideId "4700171"]
[EventDate "2024.11.08"]

1. e4 c5 2. Nf3 Nc6 3. d4 cxd4 4. Nxd4 e5 5. Nb5 d6 6. N1c3 a6 7. Na3 Be7 8. Nc4
b5 9. Ne3 Nf6 10. Bd3 O-O 11. O-O Nd4 12. Ncd5 Nxd5 13. Nxd5 Bg5 14. c3 Ne6 15.
Bxg5 Qxg5 16. a4 bxa4 17. Rxa4 Nc5 18. Ra3 a5 19. Bc2 Rb8 20. b3 Qd8 21. Qd2 f5
22. exf5 Bxf5 23. Bxf5 Rxf5 24. Ne3 Rf6 25. Qd5+ Kh8 26. Ng4 Re6 27. Rd1 Re8 28.
Ne3 Rf8 29. Qxd6 Qxd6 30. Rxd6 Nxb3 31. Rd5 e4 32. g3 h6 33. Kg2 Rb7 34. Re5 Rc8
35. h4 Rxc3 36. Rexa5 Nxa5 37. Rxc3 Re7 38. Rc5 Nb7 39. Rd5 g6 40. h5 Kg7 41.
hxg6 Kxg6 42. g4 Re8 43. Rb5 Nd8 44. Rb8 Rf8 45. Rb6+ Rf6 46. Rb4 Rf4 47. Rd4
Nf7 48. Ra4 Ne5 49. Ra6+ Rf6 50. Ra5 Nd3 51. Nf5 Rb6 52. Kg3 Rf6 53. Ra7 Rxf5
54. gxf5+ Kxf5 55. Ra5+ Kf6 56. Rh5 Kg6 57. Rd5 Kf6 58. f3 Ne5 59. fxe4 Ng6 60.
Rf5+ Kg7 61. Kg4 Ne7 62. Rb5 Kf6 63. Kf4 Ng6+ 64. Ke3 Ne5 65. Rb6+ Kg5 66. Rb5
Kf6 67. Kd4 Ng4 68. Rf5+ Kg6 69. Rf8 h5 70. e5 Kg7 71. Rf4 Nh6 72. e6 Ng8 73.
Rf1 h4 74. Ke5 h3 75. Rh1 1-0

[Event "24th ch-EUR Indiv 2024"]
[Site "Petrovac MNE"]
[Date "2024.11.11"]
[Round "4.118"]
[White "Lavrencic, Matic"]
[Black "Onem, Cem"]
[Result "1-0"]
[WhiteTitle "FM"]
[WhiteElo "2366"]
[BlackElo "1825"]
[WhiteFideId "14637847"]
[BlackFideId "6303625"]
[EventDate "2024.11.08"]

1. e4 e5 2. Nf3 Nc6 3. Bb5 Nf6 4. d3 Bc5 5. Bxc6 dxc6 6. Nbd2 O-O 7. Nc4 Nd7 8.
Qe2 f6 9. Ne3 Nb6 10. Rg1 Be6 11. g4 Qd7 12. Nf5 Kh8 13. Bd2 a5 14. h4 a4 15. a3
Nc8 16. h5 Nd6 17. N3h4 Rfe8 18. h6 g6 19. Ng7 Rf8 20. Rg3 Nb5 21. c3 Bb3 22.
Be3 Be7 23. Nf3 c5 24. g5 b6 25. gxf6 Bxf6 26. Bg5 Bxg7 27. hxg7+ Qxg7 28. Qe3
Rfe8 29. Kd2 Nd6 30. Rh1 c4 31. Kc1 cxd3 32. Qxd3 Bc4 33. Qe3 Bg8 34. Bh6 Qf7
35. Nh4 Re6 36. f4 Nc4 37. Qg1 exf4 38. Qd4+ Ne5 39. Nxg6+ 1-0

[Event "24th ch-EUR Indiv 2024"]
[Site "Petrovac MNE"]
[Date "2024.11.11"]
[Round "4.119"]
[White "Starcevic, Ante Leon"]
[Black "Zwirs, Nico"]
[Result "0-1"]
[BlackTitle "IM"]
[WhiteElo "2200"]
[BlackElo "2480"]
[WhiteFideId "14543613"]
[BlackFideId "1036432"]
[EventDate "2024.11.08"]

1. d4 Nf6 2. Nf3 b6 3. Bf4 Bb7 4. e3 Nh5 5. Bg5 h6 6. Bh4 g5 7. Bg3 Nxg3 8. hxg3
Bg7 9. Be2 e6 10. g4 Qe7 11. c3 d6 12. Nbd2 Nd7 13. a4 Nf6 14. a5 O-O 15. Ng1
Bxg2 16. Rh2 Bb7 17. Bf3 d5 18. a6 Bc6 19. Ne2 e5 20. Ng3 Bd7 21. Kf1 e4 22. Be2
Be6 23. Nf5 Bxf5 24. gxf5 Qd7 25. Kg2 Qxf5 26. Nf1 Qe6 27. Ng3 Nh7 28. Qa4 f5
29. Bb5 Rad8 30. Nh5 Nf6 31. Nxg7 Kxg7 32. Rah1 Ng4 33. Rh3 f4 0-1

[Event "24th ch-EUR Indiv 2024"]
[Site "Petrovac MNE"]
[Date "2024.11.11"]
[Round "4.120"]
[White "Saraci, Korab"]
[Black "Kucuksari, Kaan"]
[Result "0-1"]
[WhiteTitle "CM"]
[BlackTitle "IM"]
[WhiteElo "2193"]
[BlackElo "2473"]
[WhiteFideId "4701968"]
[BlackFideId "6380166"]
[EventDate "2024.11.08"]

1. e4 c6 2. d4 d5 3. exd5 cxd5 4. Bd3 Nc6 5. c3 Nf6 6. Nf3 Bg4 7. Bf4 e6 8. Nbd2
Bd6 9. Bxd6 Qxd6 10. O-O O-O 11. Re1 Bh5 12. Nf1 Qc7 13. Ng3 Bg6 14. Ne5 Nxe5
15. dxe5 Nd7 16. Bxg6 fxg6 17. Qd4 g5 18. Qe3 h6 19. Rad1 Rf4 20. f3 a5 21. Kh1
a4 22. Qd2 Re8 23. Qe3 Rc8 24. a3 Re8 25. Rd4 Ref8 26. Rdd1 Rh4 27. h3 Nb6 28.
Qd3 Qf7 29. Rd2 Nc4 30. Rde2 h5 31. Kg1 Rf4 32. Nf1 g6 33. Nh2 Kg7 34. Qc2 Qd7
35. Qd3 Qc7 36. Qd1 Qb6+ 37. Kh1 Nxb2 38. Qb1 Nc4 39. Qxb6 Nxb6 40. Rb2 Nc4 41.
Rxb7+ R8f7 42. Rb8 Rf8 43. Rb7+ R4f7 44. Rb4 Ra7 45. Nf1 Rc8 46. Ne3 Nxa3 47.
Rc1 Rc5 48. Kg1 Nb5 49. c4 Na3 50. Kf2 Nxc4 51. Nxc4 a3 52. Ke3 Rxc4 53. Rbxc4
dxc4 54. Kd4 a2 55. Ra1 Ra4 56. Kc3 Kf7 0-1

[Event "24th ch-EUR Indiv 2024"]
[Site "Petrovac MNE"]
[Date "2024.11.11"]
[Round "4.121"]
[White "Ilinca, Felix-Antonio"]
[Black "Yilmaz, Baver"]
[Result "1-0"]
[WhiteTitle "IM"]
[BlackTitle "FM"]
[WhiteElo "2470"]
[BlackElo "2196"]
[WhiteFideId "54764998"]
[BlackFideId "26363542"]
[EventDate "2024.11.08"]

1. e4 c5 2. Nf3 e6 3. b3 d5 4. Bb5+ Bd7 5. Bxd7+ Qxd7 6. exd5 Qxd5 7. Nc3 Qd7 8.
Ne5 Qc7 9. Qe2 Nc6 10. f4 Nf6 11. Bb2 a6 12. Nxc6 Qxc6 13. O-O-O O-O-O 14. g4
Bd6 15. Rhf1 h6 16. h4 Rhe8 17. g5 Ng8 18. Ne4 g6 19. h5 gxh5 20. Nxd6+ Qxd6 21.
Qxh5 Qf8 22. Rde1 Rd5 23. Re5 Red8 24. d3 R8d7 25. Kb1 Rxe5 26. Bxe5 Rd5 27.
gxh6 Nxh6 28. Rh1 f6 29. Qg6 fxe5 30. Qxe6+ Rd7 31. fxe5 Nf7 32. Qf5 Qe7 33. e6
Rd8 34. exf7+ Kb8 35. Rf1 Rf8 36. Qf6 Qc7 37. Kb2 Ka7 38. Qe6 Qd8 39. Qe5 Qc8
40. Qd6 Ka8 41. Qe7 Ka7 42. Rf6 Ka8 43. Rb6 Rh8 44. Rxb7 Qxb7 45. f8=Q+ Rxf8 46.
Qxf8+ 1-0

[Event "24th ch-EUR Indiv 2024"]
[Site "Petrovac MNE"]
[Date "2024.11.11"]
[Round "4.122"]
[White "Patrelakis, Evaggelos"]
[Black "Caruso, Augusto"]
[Result "1-0"]
[WhiteTitle "IM"]
[WhiteElo "2437"]
[BlackElo "2193"]
[WhiteFideId "4295102"]
[BlackFideId "801763"]
[EventDate "2024.11.08"]

1. e4 e5 2. Nf3 Nc6 3. Bb5 a6 4. Ba4 b5 5. Bb3 Na5 6. d4 exd4 7. c3 Nxb3 8. Qxb3
Bb7 9. O-O Be7 10. Nxd4 Bxe4 11. Re1 Bg6 12. Bg5 Nf6 13. Bxf6 gxf6 14. Qd5 c6
15. Qd6 Kf8 16. Qf4 h5 17. Nd2 d5 18. Nf5 Bxf5 19. Qxf5 Qc8 20. Qf4 Qg4 21. Qc7
Re8 22. Qxc6 Rg8 23. g3 h4 24. Nf1 hxg3 25. fxg3 Rg5 26. Rad1 Rc8 27. Qxa6 Bc5+
28. Kg2 Kg7 29. Qxb5 Rf5 30. Qe2 Rf2+ 31. Qxf2 Bxf2 32. Kxf2 Qc4 33. a3 Rb8 34.
Re2 Rh8 35. Rd4 Qc5 36. h4 Rh5 37. Ne3 Re5 38. Red2 Qb6 39. Kf3 Qe6 40. Nxd5 Qh3
41. Rd1 Qf5+ 42. Nf4 Qc2 43. R4d2 Qe4+ 44. Kf2 Qe3+ 45. Kg2 Qe4+ 46. Kh2 Qf3 47.
Rg1 Re3 48. Rc2 Qe4 49. Rf2 Qf5 50. a4 Qc5 51. Rgf1 Re4 52. b4 Qxc3 53. Nh5+ Kf8
54. Nxf6 Rd4 55. b5 Qc7 56. Rf4 Rxa4 57. Rxa4 Qc2+ 58. Kh3 Qxa4 59. Rf5 Qc2 60.
Re5 Qc8+ 61. Kg2 Qc2+ 62. Kf3 Qd1+ 63. Kf4 Qc1+ 64. Kf5 Qc8+ 65. Kg5 Qc1+ 66.
Kh5 Qc2 67. Nd7+ Kg7 68. Rg5+ Kh8 69. Nf6 Qe2+ 70. g4 1-0

[Event "24th ch-EUR Indiv 2024"]
[Site "Petrovac MNE"]
[Date "2024.11.11"]
[Round "4.123"]
[White "Gusev, Mikhail"]
[Black "Aizenberg, Benny"]
[Result "0-1"]
[WhiteTitle "CM"]
[BlackTitle "IM"]
[WhiteElo "2186"]
[BlackElo "2427"]
[WhiteFideId "34270140"]
[BlackFideId "2821125"]
[EventDate "2024.11.08"]

1. e4 c5 2. Nf3 d6 3. d4 cxd4 4. Nxd4 Nf6 5. Nc3 a6 6. Be3 e5 7. Nb3 Be7 8. h3
h6 9. Rg1 Be6 10. Qd2 Nbd7 11. a4 O-O 12. g4 Ne8 13. Nd5 Bg5 14. O-O-O Bxd5 15.
exd5 Nc7 16. Bxg5 Qxg5 17. Bd3 Nb6 18. Qxg5 hxg5 19. Na5 Rab8 20. Nc4 Nxc4 21.
Bxc4 a5 22. Rd3 g6 23. Rb3 b6 24. Rc3 Rfc8 25. Rgg3 Kf8 26. Bb3 Na6 27. Rc6 Nb4
28. Rc4 Ke7 29. Kd2 Na6 30. Rc6 Nb4 31. Rxc8 Rxc8 32. Rc3 Rxc3 33. Kxc3 Na6 34.
Kc4 Nc7 35. f3 Kd7 36. c3 Kc8 37. Bc2 Kb7 38. Bd3 Na6 39. b4 Nc7 40. Bc2 Ka7 41.
Bb3 Ka6 42. Kd3 b5 43. axb5+ Kxb5 44. Bc4+ Ka4 45. bxa5 Kxa5 46. Ke4 Kb6 47. Bb3
Kc5 48. Ba4 Kc4 49. Bc6 Kxc3 50. Bd7 Kd2 51. Bc6 Na6 52. f4 Nc5+ 53. Kf3 e4+ 54.
Kg3 e3 55. Bb5 Nd3 56. Bxd3 Kxd3 0-1

[Event "24th ch-EUR Indiv 2024"]
[Site "Petrovac MNE"]
[Date "2024.11.11"]
[Round "4.124"]
[White "Goroshkov, Maksym"]
[Black "Todorov, Todor Spirov"]
[Result "1/2-1/2"]
[WhiteTitle "FM"]
[WhiteElo "2368"]
[BlackElo "2185"]
[WhiteFideId "14142716"]
[BlackFideId "2900688"]
[EventDate "2024.11.08"]

1. b3 d5 2. Bb2 Nd7 3. Nf3 Ngf6 4. c4 e6 5. g3 Be7 6. Bg2 O-O 7. O-O b6 8. cxd5
exd5 9. Nd4 Bb7 10. Nf5 Re8 11. Nxe7+ Qxe7 12. e3 Ba6 13. Re1 Bd3 14. Nc3 c6 15.
Ne2 Rac8 16. Rc1 Ne5 17. Nf4 Nfd7 18. Rc3 Be4 19. f3 Bf5 20. d4 Ng6 21. e4 Nxf4
22. gxf4 Qh4 23. Rce3 Qxf4 24. Bc1 Bg6 25. exd5 Rxe3 26. Rxe3 Qd6 27. dxc6 Qxc6
28. Bb2 Qd6 29. d5 Nf6 30. Bxf6 gxf6 31. Re2 1/2-1/2

[Event "24th ch-EUR Indiv 2024"]
[Site "Petrovac MNE"]
[Date "2024.11.11"]
[Round "4.126"]
[White "Ramaj, Ergit"]
[Black "Damjanovic, Vuk"]
[Result "0-1"]
[BlackTitle "IM"]
[WhiteElo "2180"]
[BlackElo "2364"]
[WhiteFideId "4703669"]
[BlackFideId "980021"]
[EventDate "2024.11.08"]

1. e4 c5 2. Nf3 Nc6 3. Bb5 g6 4. Bxc6 dxc6 5. d3 Qc7 6. a4 e5 7. a5 Nf6 8. O-O
Nh5 9. Be3 Be7 10. h3 Nf4 11. Qd2 g5 12. Re1 g4 13. hxg4 Bxg4 14. Nxe5 Nxg2 15.
Kxg2 Qxe5 16. Qc3 Qh5 17. Qxh8+ Kd7 18. Qg7 Qh3+ 19. Kg1 Bf3 0-1

[Event "24th ch-EUR Indiv 2024"]
[Site "Petrovac MNE"]
[Date "2024.11.11"]
[Round "4.127"]
[White "Akhvlediani, Irakli"]
[Black "Lorenz, Roger"]
[Result "1-0"]
[WhiteTitle "FM"]
[WhiteElo "2363"]
[BlackElo "2184"]
[WhiteFideId "13601938"]
[BlackFideId "24632325"]
[EventDate "2024.11.08"]

1. c4 e6 2. Nf3 d5 3. g3 d4 4. Bg2 Nc6 5. O-O Bc5 6. d3 Nge7 7. Nbd2 a5 8. Nb3
Ba7 9. e3 Nf5 10. e4 Nfe7 11. e5 Ng6 12. Re1 a4 13. Nbd2 Bc5 14. h4 O-O 15. h5
Nge7 16. h6 f5 17. hxg7 Kxg7 18. Ng5 h6 19. Nh3 Ng6 20. Qh5 Rh8 21. Nf3 Bd7 22.
Nf4 Nxf4 23. Bxf4 Be8 24. Qh3 Ne7 25. Nh4 c6 26. g4 Ng6 27. Bg3 fxg4 28. Qxg4
Qg5 29. Qxe6 Nxh4 30. Qf6+ Qxf6 31. exf6+ Kxf6 32. Be5+ Kf7 33. Bxh8 Bd7 34. Be5
Rg8 35. Bg3 Nxg2 36. Kxg2 Bf5 37. Re5 Bxd3 38. Rxc5 b6 39. Rh5 1-0

[Event "24th ch-EUR Indiv 2024"]
[Site "Petrovac MNE"]
[Date "2024.11.11"]
[Round "4.128"]
[White "Pipiras, Filipa Fortuna"]
[Black "Novosel, Lovro"]
[Result "1/2-1/2"]
[WhiteTitle "FM"]
[BlackTitle "FM"]
[WhiteElo "2166"]
[BlackElo "2353"]
[WhiteFideId "1944894"]
[BlackFideId "14547120"]
[EventDate "2024.11.08"]

1. d4 Nf6 2. c4 e6 3. Nc3 Bb4 4. e3 O-O 5. Bd2 d5 6. Nf3 c5 7. a3 Bxc3 8. Bxc3
cxd4 9. Nxd4 b6 10. Be2 dxc4 11. Bxc4 Bb7 12. O-O Nbd7 13. Qe2 Ne4 14. Bb4 Nec5
15. Rac1 Ne5 16. Rfd1 Qf6 17. f3 Rac8 18. Bb5 a6 19. Bc4 Rfd8 20. Ba2 h5 21. Bc3
a5 22. b4 Ba6 23. b5 Bb7 24. Nc6 Rxd1+ 25. Qxd1 Bxc6 26. bxc6 Qh6 27. Qe2 Nxc6
28. Re1 Ne7 29. Qb5 Nd5 30. Bd4 Qg5 31. Bxd5 Qxd5 32. Qxb6 e5 33. Bxc5 Rxc5 34.
Qb2 Qd3 35. h3 f6 36. Kh1 Rc2 37. Qb8+ Kh7 38. Qa8 Rc5 39. e4 Qd2 40. Rg1 Qg5
41. Qa7 Qe3 42. Qf7 Kh6 43. Qf8 Rc7 44. Kh2 Kg5 45. Qd8 Qc5 46. Rd1 Qe7 47. Qd2+
Kg6 48. Qxa5 Ra7 49. Qb4 Qe6 50. Ra1 Qa6 51. a4 Qe2 52. a5 Rc7 53. Qe1 Qb2 54.
Qb1 Qd2 55. a6 Ra7 56. Qb6 Qd7 57. Ra2 h4 58. Rb2 Qd4 59. Qxd4 exd4 60. Ra2 d3
61. g3 hxg3+ 62. Kxg3 d2 63. Rxd2 Rxa6 64. Kg4 Ra1 65. Rg2 Kf7 66. h4 Rh1 67.
Kg3 Kg6 68. Kg4 Kf7 69. Ra2 Kg6 70. Kg3 Rg1+ 71. Rg2 Rh1 72. Kf2+ Kh6 73. Rg4 g6
74. Kg2 Ra1 75. Rf4 Kg7 76. Rg4 Kh6 77. Kg3 Rh1 78. Kg2 Ra1 79. Kh2 Rb1 80. Rg2
Kh5 81. Kg3 Rh1 82. Ra2 Rg1+ 83. Kf4 Rh1 84. Ra8 Rxh4+ 85. Kg3 Kg5 86. Ra5+ f5
87. Rb5 Rh8 88. f4+ Kf6 89. Rb6+ Kf7 90. e5 Rh1 91. Kf3 Re1 92. Rb7+ Kf8 93. Ra7
Kg8 94. Kg3 Rf1 95. Rb7 Kf8 96. Ra7 Re1 97. Rb7 Kg8 98. Ra7 Kf8 1/2-1/2

[Event "24th ch-EUR Indiv 2024"]
[Site "Petrovac MNE"]
[Date "2024.11.11"]
[Round "4.129"]
[White "Yurtseven, Melih"]
[Black "Hryzlova, Sofiia"]
[Result "0-1"]
[WhiteTitle "IM"]
[BlackTitle "WIM"]
[WhiteElo "2348"]
[BlackElo "2177"]
[WhiteFideId "6312160"]
[BlackFideId "14174669"]
[EventDate "2024.11.08"]

1. c4 e6 2. Nc3 d5 3. d4 Nf6 4. cxd5 exd5 5. Bg5 Be7 6. e3 O-O 7. Bd3 c6 8. Nge2
Re8 9. O-O Nbd7 10. Qc2 h6 11. Bf4 Nf8 12. h3 Bd6 13. Rab1 Ne6 14. Bxd6 Qxd6 15.
Ng3 Bd7 16. Nf5 Qf8 17. b4 Rac8 18. Rfc1 Ng5 19. Ng3 Qe7 20. Bf5 g6 21. Bxd7
Qxd7 22. Qd1 Qd6 23. Rb3 a6 24. Na4 h5 25. Nc5 Rc7 26. a4 Nd7 27. Nxd7 Qxd7 28.
Nf1 Ne4 29. Nd2 Nd6 30. Qf3 Qe7 31. Qg3 Rd7 32. Qf4 Kg7 33. Re1 f6 34. Qf3 Qf7
35. h4 Rde7 36. Rc1 Qe6 37. Rbc3 f5 38. g3 Rf7 39. R3c2 Qf6 40. Qf4 Rfe7 41. Kg2
Kh7 42. Rc5 Kg7 43. R5c3 Rf8 44. R3c2 Rfe8 45. Rc5 Rf8 46. Rb1 Rd8 47. Rb3 Rdd7
48. Rb1 Re8 49. Rb3 Ree7 50. Nf3 Re4 51. Qg5 Qf8 52. Ne5 Rxe5 53. dxe5 Ne4 54.
Qf4 Nxc5 55. bxc5 Qxc5 56. e6 Re7 57. Qe5+ Kh7 58. e4 fxe4 59. g4 Rg7 60. gxh5
gxh5+ 61. Rg3 Qf8 62. Qxh5+ Kg8 63. Rxg7+ Qxg7+ 64. Kh3 Kf8 65. Qf5+ Ke7 66. h5
b5 67. axb5 axb5 68. Qg4 Qxg4+ 69. Kxg4 Kxe6 0-1

[Event "24th ch-EUR Indiv 2024"]
[Site "Petrovac MNE"]
[Date "2024.11.11"]
[Round "4.130"]
[White "Tamas, Christian-Arrydan"]
[Black "Dalaud, Dorian"]
[Result "1-0"]
[BlackTitle "FM"]
[WhiteElo "2166"]
[BlackElo "2348"]
[WhiteFideId "1283740"]
[BlackFideId "36093270"]
[EventDate "2024.11.08"]

1. d4 g6 2. c4 Bg7 3. Nc3 c5 4. d5 Bxc3+ 5. bxc3 e5 6. e4 d6 7. Bd3 Nd7 8. Ne2
Qe7 9. O-O h5 10. Be3 h4 11. h3 g5 12. Nc1 Nf8 13. Be2 Nh6 14. Bh5 Rg8 15. f3
Kd8 16. Nd3 Nd7 17. Bg4 Kc7 18. Nf2 Nxg4 19. fxg4 Nb6 20. Qd3 Bd7 21. Nd1 Na4
22. Bd2 a6 23. Ne3 b5 24. Qc2 Nb6 25. Rf2 f6 26. Raf1 Rgf8 27. Qc1 Qh7 28. Rxf6
Rxf6 29. Rxf6 Qxe4 30. Nf5 Nxc4 31. Bxg5 Qxd5 32. Ne3 Nxe3 33. Qxe3 Qxa2 34. Qd3
d5 35. Qe3 Rc8 36. Qxc5+ Kb7 37. Qb6+ Ka8 38. Be3 d4 39. cxd4 Qb1+ 40. Kh2 Qe4
41. Qxa6+ Kb8 42. Rb6+ Kc7 43. Qa7+ Kd8 44. Bg5+ Ke8 45. Re6+ 1-0